<?xml version="1.0" encoding="UTF-8"?>
<marc:record xmlns:marc="http://www.loc.gov/MARC21/slim">
   <marc:leader>00000nam a2200000 a 4500</marc:leader>
   <marc:datafield ind1="1" ind2=" " tag="100">
      <marc:subfield code="a">Schertenleib, Hansjörg</marc:subfield>
      <marc:subfield code="4">aut</marc:subfield>
      <marc:subfield code="e">Verfasser/-in</marc:subfield>
   </marc:datafield>
   <marc:datafield ind1="0" ind2="0" tag="245">
      <marc:subfield code="a">Im Schatten der Flügel</marc:subfield>
   </marc:datafield>
   <marc:datafield ind1="0" ind2="0" tag="245">
      <marc:subfield code="b">Roman : Corinna Holders zweiter Fall</marc:subfield>
   </marc:datafield>
   <marc:datafield ind1="0" ind2="0" tag="245">
      <marc:subfield code="c">Hansjörg Schertenleib</marc:subfield>
   </marc:datafield>
   <marc:datafield ind1=" " ind2="1" tag="264">
      <marc:subfield code="a">Zürich</marc:subfield>
      <marc:subfield code="b">Kampa</marc:subfield>
      <marc:subfield code="c">2020</marc:subfield>
   </marc:datafield>
   <marc:datafield ind1="1" ind2=" " tag="520">
      <marc:subfield code="a">Die pensionierte Schweizer Kriminalpolizistin Corinna Holder hat auf Spruce Head Island in Maine eine zweite Heimat gefunden und ist mit ihrem neuen Freund Jake Blake glücklich. Da wird auf ihrer Insel ein Mann erschossen, und kurz darauf verschwindet ein sechsjähriges Mädchen. Privatdetektiv Matt Dennison bittet Corinna bei der verzweifelten Suche nach dem Mädchen um Mithilfe. Eine verheißungsvolle Spur führt ins Milieu rechtsextremer Frauenverachter, die offenbar Drogengeschäfte abwickeln. Dass der Bruder von Corinnas bester Freundin in die Sache verwickelt ist, macht die Sache für sie nicht einfacher.</marc:subfield>
   </marc:datafield>
   <marc:datafield ind1=" " ind2=" " tag="020">
      <marc:subfield code="a">9783311120162</marc:subfield>
      <marc:subfield code="9">9783311120162</marc:subfield>
   </marc:datafield>
   <marc:datafield ind1=" " ind2=" " tag="020">
      <marc:subfield code="a">3311120167</marc:subfield>
      <marc:subfield code="9">3311120167</marc:subfield>
   </marc:datafield>
   <marc:datafield ind1=" " ind2=" " tag="041">
      <marc:subfield code="a">ger</marc:subfield>
   </marc:datafield>
   <marc:datafield ind1=" " ind2=" " tag="300">
      <marc:subfield code="a">268 Seiten</marc:subfield>
   </marc:datafield>
</marc:record>
